• 首页
  • 本馆介绍
  • 公告通知
  • 最新文献
  • 馆藏检索
  • 电子资源
  • 读者导购
  • 参考咨询
  • 我的图书馆
  • 登录
  • 详细信息显示
  • 放入我的书架
  • 预约/预借图书
  • 作者相关作品
  • 分类相关作品
  • 丛书相关作品
  • 出版社相关作品

书目信息

  • 表格格式
  • 工作单格式
  • 卡片格式
题名:
水文观测
    
 
作者: 李久昌 编著
分册:  
出版信息: 北京   人民教育出版社  1966
页数: 194页
开本: 21cm
丛书名:
单 册:
中图分类: P332
科图分类:
主题词: 水文观测 , 水文学
电子资源:
ISBN:
000 00587nam0 2200241 45 980
001 0663391372
005 20060727173717.71
010    @dCNY0.60
091    @a12012.5
100    @a19970402d1966 em y0chiy0121 ea
101 0  @achi
102    @aCN@b110000
105    @afk z 000yy
106    @ar
200 10 @a水文观测@f李久昌等编著@Ashui wen guan ce
210    @a北京@c人民教育出版社@d1966
215    @a194页@c图,表@d21cm
606    @a水文观测
606 0  @a水文学
690    @aP332@v3
701  0 @a李久昌@4编著@Ali jiu chang
801 0  @c20060727
905    @a10447@dP332@e64
    
    水文观测/李久昌等编著.-北京:人民教育出版社,1966
    194页:图,表;21cm
    
    
    ISBN :CNY0.60
    
●
相关链接 在E读中查询图书 在五车中查询图书 在当当中查询图书 在豆瓣中查询图书


正题名:水文观测     索取号:P332/64         预约/预借

序号 登录号 条形码 馆藏地/架位号 状态 备注
1 0438888   204388885   密集书库/ [索取号:P332/64] 在馆    
唐山师范学院图书馆 欢迎您!
大连网信软件有限公司© 版权所有